[Event "Sancti Spiritus Concepcion Memorial tt"]
[Site "Sancti Spiritus"]
[Date "2018.01.20"]
[Round "8.1"]
[White "Muniz Guevara, Amanda Maria"]
[Black "Molina Garcia, Liester"]
[Result "1-0"]
[WhiteElo "2028"]
[BlackElo "2139"]
[PlyCount "123"]
[EventDate "2018.01.16"]
[EventType "team-tourn"]
[EventRounds "10"]
[EventCountry "CUB"]
[SourceTitle "EXT 2021"]
[Source "ChessBase"]
[SourceDate "2020.10.23"]
[SourceVersion "1"]
[SourceVersionDate "2020.10.23"]
[SourceQuality "1"]

1. e4 d6 2. d4 Nf6 3. Nc3 c6 4. Be3 Qa5 5. Bd3 Ng4 6. Bd2 e5 7. h3 Nf6 8. Nf3 Nbd7 9. 0-0 Qc7 10. Re1 Be7 11. a4 0-0 12. Bf1 Re8 13. Be3 Nf8 14. Rb1 a5 15. d5 Ng6 16. Nd2 Bd7 17. Nc4 c5 18. Qd2 Rf8 19. f4 exf4 20. Bxf4 Nxf4 21. Qxf4 Nh5 22. Qf3 g6 23. g4 Ng7 24. Rbd1 f6 25. Qg3 Rf7 26. Bg2 Raf8 27. Nb5 Bxb5 28. axb5 b6 29. Rd2 Qd8 30. Rf1 Kh8 31. Qd3 Qc7 32. Rdf2 Qd8 33. e5 Ne8 34. e6 Rg7 35. Be4 f5 36. Bg2 Rfg8 37. Ne3 Bh4 38. Rf3 Bf6 39. c3 Be5 40. Kh1 Nf6 41. gxf5 g5 42. Ng4 Nxg4 43. hxg4 Qf6 44. Rh3 h5 45. Rxh5+ Rh7 46. Rxh7+ Kxh7 47. Rf3 Kg7 48. Rh3 a4 49. Rh5 Rh8 50. Rxh8 Kxh8 51. Qh3+ Kg7 52. Qh5 Bxc3 53. bxc3 a3 54. Qe8 a2 55. Qa8 Qxc3 56. Qxa2 c4 57. Qe2 Qc1+ 58. Qf1 Qb2 59. f6+ Kf8 60. e7+ Kf7 61. Qe1 Qxb5 62. Qe6+ 1-0

[Event "Sancti Spiritus Concepcion Memorial tt"]
[Site "Sancti Spiritus"]
[Date "2018.01.18"]
[Round "5.2"]
[White "Lavigne Lopez, Raul Leonardo"]
[Black "Molina Garcia, Liester"]
[Result "0-1"]
[WhiteElo "2176"]
[BlackElo "2139"]
[PlyCount "88"]
[EventDate "2018.01.16"]
[EventType "team-tourn"]
[EventRounds "10"]
[EventCountry "CUB"]
[SourceTitle "EXT 2021"]
[Source "ChessBase"]
[SourceDate "2020.10.23"]
[SourceVersion "1"]
[SourceVersionDate "2020.10.23"]
[SourceQuality "1"]

1. d4 Nf6 2. c4 e6 3. Nc3 Bb4 4. f3 c5 5. a3 Bxc3+ 6. bxc3 d6 7. e4 0-0 8. Bd3 Nc6 9. Ne2 e5 10. d5 Ne7 11. 0-0 Ng6 12. Bg5 h6 13. Be3 Qe7 14. Qd2 Nh7 15. Ng3 Re8 16. Rae1 Qf6 17. Ne2 Qe7 18. Kh1 Rf8 19. Ng3 b6 20. Bc2 Bd7 21. Nf5 Qf6 22. f4 exf4 23. Bxf4 Bxf5 24. e5 dxe5 25. Bxe5 Nxe5 26. Rxf5 Nxc4 27. Qd3 Nb2 28. Qe4 Qd6 29. h4 g6 30. Re5 Nf6 31. Qf3 Rae8 32. Rxe8 Rxe8 33. Rf1 Kg7 34. h5 Re5 35. hxg6 fxg6 36. Kg1 Nc4 37. Qd3 Ne4 38. Qxc4 Nd2 39. Qf4 Nxf1 40. Qxf1 Qf6 41. Qd1 Qh4 42. Kf1 Qh1+ 43. Kf2 Qxd1 44. Bxd1 Rxd5 0-1

[Event "Sancti Spiritus Concepcion Memorial tt"]
[Site "Sancti Spiritus"]
[Date "2018.01.17"]
[Round "3.1"]
[White "Molina Garcia, Liester"]
[Black "Muniz Guevara, Amanda Maria"]
[Result "0-1"]
[WhiteElo "2139"]
[BlackElo "2028"]
[PlyCount "32"]
[EventDate "2018.01.16"]
[EventType "team-tourn"]
[EventRounds "10"]
[EventCountry "CUB"]
[SourceTitle "EXT 2021"]
[Source "ChessBase"]
[SourceDate "2020.10.23"]
[SourceVersion "1"]
[SourceVersionDate "2020.10.23"]
[SourceQuality "1"]

1. e4 e5 2. Nf3 Nc6 3. Bc4 Nf6 4. d3 Be7 5. 0-0 0-0 6. Re1 d6 7. c3 Na5 8. Bb5 a6 9. Ba4 b5 10. Bc2 c5 11. Nbd2 Nc6 12. Nf1 Re8 13. Ng3 h6 14. h3 Bf8 15. d4 Bd7 16. d5 Ne7 0-1